Diseño de páginas Web: iniciación y referencia (Registro nro. 1430)
[ vista simple ]
| 000 -CABECERA | |
|---|---|
| campo de control de longitud fija | 00701am a2200253a 44500 |
| 005 - FECHA Y HORA DE ACTUALIZACIÓN | |
| campo de control | 20160526152313.0 |
| 008 - LONGITUD FIJA | |
| campo de control de longitud fija | 150623b xxu||||| |||| 00| 0 spa d |
| 041 ## - IDIOMA | |
| Código de idioma del texto/pista de sonido o título separado | |
| 082 ## - CLASIFICACIÓN DECIMAL DEWEY | |
| Número de clasificación | 004.67 |
| Número de documento/Ítem | G643d |
| 100 ## - AUTOR PERSONAL | |
| Nombre de persona | González Romano, José Mariano |
| 100 ## - AUTOR PERSONAL | |
| Nombre de persona | Cordero Valle, Juan Manuel |
| 245 ## - TÍTULO PROPIAMENTE DICHO | |
| Título | Diseño de páginas Web: iniciación y referencia |
| 250 ## - EDICIÓN | |
| Mención de edición | 2 edición |
| 260 ## - PIE DE IMPRENTA | |
| Lugar de publicación, distribución, etc. | España |
| Nombre del editor, distribuidor, etc. | McGraw-Hill |
| Fecha de publicación, distribución, etc. | 2004 |
| 300 ## - DESCRIPCIÓN FÍSICA | |
| Extensión | 282 páginas |
| 650 ## - Materia General | |
| Materia general | PAGINAS WEB |
| 650 ## - Materia General | |
| Materia general | INTERNET |
| 650 ## - Materia General | |
| Materia general | HTML |
| 650 ## - Materia General | |
| Materia general | TABLAS |
| 650 ## - Materia General | |
| Materia general | MULTIMEDIA |
| 650 ## - Materia General | |
| Materia general | FORMULARIOS |
| 650 ## - Materia General | |
| Materia general | JAVASCRIPT |
| 942 ## - Punto de Acceso Adicional Koha | |
| Tipo de ítem Koha | Libro |
| Estado perdido | Estado dañado | No para préstamo | Biblioteca permanente | Biblioteca actual | Signatura completa | Código de barras | Precio efectivo a partir del | Tipo de ítem |
|---|---|---|---|---|---|---|---|---|
| Departamento de Biblioteca y Documentación Alfonso Chase Brenes | Departamento de Biblioteca y Documentación Alfonso Chase Brenes | 004.67 G643d | 10422 | 26/05/2016 | Libro | |||
| Departamento de Biblioteca y Documentación Alfonso Chase Brenes | Departamento de Biblioteca y Documentación Alfonso Chase Brenes | 004.67 G643d | 11190 | 26/05/2016 | Libro |